<?xml version="1.0" encoding="UTF-8"?>
<record
    xmlns:xsi="http://www.w3.org/2001/XMLSchema-instance"
    xsi:schemaLocation="http://www.loc.gov/MARC21/slim http://www.loc.gov/standards/marcxml/schema/MARC21slim.xsd"
    xmlns="http://www.loc.gov/MARC21/slim">

  <leader>02305nam a2200313   4500</leader>
  <controlfield tag="001">204</controlfield>
  <controlfield tag="003">OSt</controlfield>
  <controlfield tag="005">20250528074014.0</controlfield>
  <controlfield tag="008">250203b        |||||||e |||| 00| 1 eng d</controlfield>
  <datafield tag="020" ind1=" " ind2=" ">
    <subfield code="a">9788580576979</subfield>
  </datafield>
  <datafield tag="040" ind1=" " ind2=" ">
    <subfield code="b">por</subfield>
  </datafield>
  <datafield tag="041" ind1=" " ind2=" ">
    <subfield code="h">eng</subfield>
    <subfield code="a">por</subfield>
  </datafield>
  <datafield tag="082" ind1=" " ind2=" ">
    <subfield code="a">813</subfield>
    <subfield code="b">D652t</subfield>
  </datafield>
  <datafield tag="100" ind1=" " ind2=" ">
    <subfield code="a">Doerr, Anthony </subfield>
    <subfield code="d">1973-</subfield>
    <subfield code="9">380</subfield>
  </datafield>
  <datafield tag="240" ind1=" " ind2=" ">
    <subfield code="a">All the lights we cannot see</subfield>
  </datafield>
  <datafield tag="245" ind1=" " ind2=" ">
    <subfield code="a">Toda luz que n&#xE3;o podemos ver /</subfield>
    <subfield code="c">Doerr, Anthony ; Tradu&#xE7;&#xE3;o de Maria Carmelita Dias</subfield>
  </datafield>
  <datafield tag="260" ind1=" " ind2=" ">
    <subfield code="a">Rio de Janeiro</subfield>
    <subfield code="b">Intr&#xED;nseca</subfield>
    <subfield code="c">2015</subfield>
  </datafield>
  <datafield tag="300" ind1=" " ind2=" ">
    <subfield code="a">528 p.</subfield>
  </datafield>
  <datafield tag="520" ind1=" " ind2=" ">
    <subfield code="a">m romance sobre autopreserva&#xE7;&#xE3;o e generosidade em meio &#xE0;s atrocidades de uma guerra que jamais deve ser esquecida.

Marie-Laure vive em Paris, perto do Museu de Hist&#xF3;ria Natural, onde seu pai &#xE9; o chaveiro respons&#xE1;vel por cuidar de milhares de fechaduras. Quando a menina fica cega, aos seis anos, o pai constr&#xF3;i uma maquete em miniatura do bairro onde moram para que ela seja capaz de memorizar os caminhos. Na ocupa&#xE7;&#xE3;o nazista em Paris, pai e filha fogem para a cidade de Saint-Malo e levam consigo o que talvez seja o mais valioso tesouro do museu.

Em uma regi&#xE3;o de minas na Alemanha, o &#xF3;rf&#xE3;o Werner cresce com a irm&#xE3; mais nova, encantado pelo r&#xE1;dio que certo dia encontram em uma pilha de lixo. Com a pr&#xE1;tica, acaba se tornando especialista no aparelho, talento que lhe vale uma vaga em uma escola nazista e, logo depois, uma miss&#xE3;o especial: descobrir a fonte das transmiss&#xF5;es de r&#xE1;dio respons&#xE1;veis pela chegada dos Aliados na Normandia. Cada vez mais consciente dos custos humanos de seu trabalho, o rapaz &#xE9; enviado ent&#xE3;o para Saint-Malo, onde seu caminho cruza o de Marie-Laure, enquanto ambos tentam sobreviver &#xE0; Segunda Guerra Mundial.

Uma hist&#xF3;ria arrebatadora contada de forma fascinante. Com incr&#xED;vel habilidade para combinar lirismo e uma observa&#xE7;&#xE3;o atenta dos horrores da guerra, o premiado autor Anthony Doerr constr&#xF3;i, em Toda luz que n&#xE3;o podemos ver, um tocante romance sobre o que h&#xE1; al&#xE9;m do mundo vis&#xED;vel.</subfield>
  </datafield>
  <datafield tag="650" ind1=" " ind2="0">
    <subfield code="a">Literatura Americana</subfield>
    <subfield code="9">84</subfield>
  </datafield>
  <datafield tag="650" ind1=" " ind2="0">
    <subfield code="a">Drama</subfield>
    <subfield code="9">18</subfield>
  </datafield>
  <datafield tag="650" ind1=" " ind2="0">
    <subfield code="a">Guerra</subfield>
    <subfield code="9">30</subfield>
  </datafield>
  <datafield tag="650" ind1=" " ind2="0">
    <subfield code="a">2&#xB0; Guerra Mundial</subfield>
    <subfield code="9">56</subfield>
  </datafield>
  <datafield tag="650" ind1=" " ind2="0">
    <subfield code="a">Supera&#xE7;&#xE3;o</subfield>
    <subfield code="9">27</subfield>
  </datafield>
  <datafield tag="655" ind1=" " ind2="0">
    <subfield code="a">Romance</subfield>
    <subfield code="9">23</subfield>
  </datafield>
  <datafield tag="655" ind1=" " ind2="0">
    <subfield code="a">Fic&#xE7;&#xE3;o </subfield>
    <subfield code="9">22</subfield>
  </datafield>
  <datafield tag="700" ind1=" " ind2=" ">
    <subfield code="a">Maria Carmelita Dias</subfield>
    <subfield code="e">Tradutor</subfield>
    <subfield code="9">381</subfield>
  </datafield>
  <datafield tag="942" ind1=" " ind2=" ">
    <subfield code="2">ddc</subfield>
    <subfield code="n">0</subfield>
    <subfield code="c">BK</subfield>
  </datafield>
  <datafield tag="952" ind1=" " ind2=" ">
    <subfield code="0">0</subfield>
    <subfield code="1">0</subfield>
    <subfield code="2">ddc</subfield>
    <subfield code="4">0</subfield>
    <subfield code="7">0</subfield>
    <subfield code="8">FIC</subfield>
    <subfield code="a">BIBIB</subfield>
    <subfield code="b">BIBIB</subfield>
    <subfield code="c">LE</subfield>
    <subfield code="d">2022-03-23</subfield>
    <subfield code="e">doa&#xE7;&#xE3;o</subfield>
    <subfield code="l">0</subfield>
    <subfield code="o">813 / D652t</subfield>
    <subfield code="p">2025-16583</subfield>
    <subfield code="r">2025-01-31 07:47:58</subfield>
    <subfield code="w">2025-01-31</subfield>
    <subfield code="y">BK</subfield>
  </datafield>
  <datafield tag="999" ind1=" " ind2=" ">
    <subfield code="c">204</subfield>
    <subfield code="d">204</subfield>
  </datafield>
</record>
